El Golpe de Estado en El Salvador: un cambio hacia la democratización?

Sábháilte in:
Sonraí bibleagrafaíochta
Príomhchruthaitheoir: Flores Pinel, Fernando
Údar corparáideach: Universidad Centroamericana José Simeón Cañas
Formáid: Téacs
Foilsithe / Cruthaithe: Panamá: Universidad de Panamá
Clibeanna: Cuir clib leis
Níl clibeanna ann, Bí ar an gcéad duine le clib a chur leis an taifead seo!

MARC

LEADER 00000 a a2200000 04500
001 20326
003
040
090 |a 084500  
100 |a Flores Pinel, Fernando  
110 |a Universidad Centroamericana José Simeón Cañas  
245 |a El Golpe de Estado en El Salvador: un cambio hacia la democratización?  
260 |a Panamá:   |b Universidad de Panamá  
300 |a 33 p.  
999 |c 15926  |d 15926